| 000 | 00913nam a22002417a 4500 | ||
|---|---|---|---|
| 005 | 20160323111954.0 | ||
| 010 | _a1516EN07 ENG-114773 | ||
| 020 |
_c199.00 _a9789384052454 |
||
| 035 | _aEN-98305 | ||
| 035 | _aB-598621-636 | ||
| 037 |
_bAsian/ven _adpl |
||
| 037 | _bDBAD/PUB | ||
| 082 | _a882 | ||
| 100 | _aShaw, Bernard | ||
| 245 |
_aArms and the man : _cby Bernard Shaw ; edited by J.P. Wearing _ba pleasant play / |
||
| 260 |
_bBloomsbury Publishing _c2015 _aNew Delhi |
||
| 270 |
_aVishrut Building, DDA complex, Building No-3, Ground Floor, Pocket c-6&7, vasant kunj _bNew Delhi _e110070 |
||
| 300 |
_alii,117p. _c20cm(pbk) |
||
| 490 | _aNew mermaids | ||
| 700 | _aWearing, J.P. | ||
| 942 |
_2ddc _cEN _mSHA _h882 |
||
| 999 |
_c96301 _d96301 |
||